000 01608cam a22003854i 4500
003 PE-LiUPU
005 20250731183403.0
008 150623s r 000 0 d
020 _a0948695498
035 _a(Sirsi) i9780948695490
040 _aPE-LiUPU
_bspa
_cPE-LiUPU
_erda
049 _aPRUA
082 0 4 _a712.6
_bW57
_221
100 1 _aWilkinson, Alix,
_eautor.
245 1 4 _aThe garden in ancient egypt /
_cAlix Wilkinson.
264 1 _aLondon :
_bThe Rubicon Press,
_c1998.
300 _a206 páginas :
_bilustraciones, gráficos, fotos ;
_c24 centímetros
336 _atext
_2rdacontent
337 _aunmediated
_2rdamedia
338 _avolume
_2rdacarrier
504 _aIncluye bibliografía.
505 0 _aFeatures in ancient egyptian garden design and ornamentation and the conventions used in the artistic representations of gardens. -Cultivation. -The trees in the gardens. -The flower garden. -Groves around royal tombs and terraced funerary temples. -Garden of private tombs. -Gardens of cult temples. -Teh gardens at amarna.
526 _aP158
526 _aP146
526 _aP17
526 _aP12
526 _aP06
651 _aEgipto
_yEpoca antigua.
942 _2ddc
_cBOOK
949 _a712.6 W57
_wDEWEY
_c1
_i48166
_lCCODEBUL1
_mBUL
_r0
_sY
_tBOOK
_u2015-6-24
_xTEOLOGIA
_PP35
_0COMPRA
_o.STAFF. Colección General
994 _aC0
_bPEPRU
596 _a1
999 _a712.6 W57
_wDEWEY
_c25141
_i48166
_f2021-11-11
_g5
_lCCODEBUL1
_mBUL
_r0
_sY
_tBOOK
_u2015-6-24
_xTEOLOGIA
_PP35
_0COMPRA
_o.STAFF. Colección General
_d25141
980 _81
_gALBERTO SANCHEZ Responsable de Automatización